[Event "Valle Region-ch U18 Girls"]
[Site "Ansermanuevo"]
[Date "2012.03.23"]
[Round "5.2"]
[White "Andrade, Luisa Fernanda1111"]
[Black "Franco, Maria Camila"]
[Result "1-0"]
[WhiteElo "1472"]
[BlackElo "1445"]
[PlyCount "31"]
[EventDate "2012.03.23"]
[EventType "swiss"]
[EventRounds "7"]
[EventCountry "COL"]
[SourceTitle "EXT 2024"]
[Source "ChessBase"]
[SourceDate "2023.10.10"]
[SourceVersion "1"]
[SourceVersionDate "2023.10.10"]
[SourceQuality "1"]

1. e4 e5 2. Nf3 Nc6 3. Bc4 Nf6 4. Ng5 d5 5. exd5 Nxd5 6. Nxf7 Kxf7 7. Qf3+ Qf6 8. Bxd5+ Ke8 9. Nc3 Nd4 10. Qe4 Bf5 11. Bf7+ Kxf7 12. Qxb7 Bb4 13. 0-0 Nxc2 14. Nd5 Qd6 15. Ne3 Nxa1 16. Nxf5 1-0